Do Elections Always Motivate Incumbents? : Experimentation vs. Career Concerns /

This paper studies a principal-agent model of the relationship between an incumbent officeholder and the electorate, where the officeholder is initially uninformed about her ability. If officeholder effort and ability interact in the "production function" that determines performance in off...

Fuld beskrivelse

Bibliografiske detaljer
Hovedforfatter: Lockwood, Ben
Andre forfattere: Le Borgne, Eric
Format: Tidsskrift
Sprog:English
Udgivet: Washington, D.C. : International Monetary Fund, 2003.
Serier:IMF Working Papers; Working Paper ; No. 2003/057
Fag:
Online adgang:Full text available on IMF
LEADER 01849cas a2200277 a 4500
001 AALejournalIMF002321
008 230101c9999 xx r poo 0 0eng d
020 |c 5.00 USD 
020 |z 9781451847796 
022 |a 1018-5941 
040 |a BD-DhAAL  |c BD-DhAAL 
100 1 |a Lockwood, Ben. 
245 1 0 |a Do Elections Always Motivate Incumbents? :   |b Experimentation vs. Career Concerns /  |c Ben Lockwood, Eric Le Borgne. 
264 1 |a Washington, D.C. :  |b International Monetary Fund,  |c 2003. 
300 |a 1 online resource (32 pages) 
490 1 |a IMF Working Papers 
500 |a <strong>Off-Campus Access:</strong> No User ID or Password Required 
500 |a <strong>On-Campus Access:</strong> No User ID or Password Required 
506 |a Electronic access restricted to authorized BRAC University faculty, staff and students 
520 3 |a This paper studies a principal-agent model of the relationship between an incumbent officeholder and the electorate, where the officeholder is initially uninformed about her ability. If officeholder effort and ability interact in the "production function" that determines performance in office, then an officeholder has an incentive to experiment-that is, raise effort so that performance becomes a more accurate signal of her ability. Elections reduce the experimentation effect, and the reduction in this effect may more than offset the positive "career-concerns" effect of elections on effort. Moreover, when this occurs, appointment of officeholders may Pareto-dominate elections. 
538 |a Mode of access: Internet 
650 7 |a Disp-Formula ID  |2 imf 
650 7 |a WP  |2 imf 
700 1 |a Le Borgne, Eric. 
830 0 |a IMF Working Papers; Working Paper ;  |v No. 2003/057 
856 4 0 |z Full text available on IMF  |u http://elibrary.imf.org/view/journals/001/2003/057/001.2003.issue-057-en.xml  |z IMF e-Library